00631nam a2200217Ia 450000500170000000800410001704000190005804100120007708200160008910000170010524500880012225000200021026000260023030000170025650400410027363000300031465000210034465100140036570000240037985000100040320230605103513.0131103s9999 xx 000 0 und d aLoreto College aEnglish a940.14bGAN aGanshof,F.L. aFeudalismcF.L.Ganshof;translated by Philip Grierson;with a foreword by F.M.Stenton a3rd English ed. aLondonbLongmanc1964 axxvi,170 p.  aIncludes bibliographical references  aEurope - Medieval History aMedieval History aFeudalism aGrierson,Philip;tr. aLCLIB